01017 2200205 4500001002100000005001500021035002000036008004100056245005400097100001800151250000600169260003800175300001200213084001400225082000800239650001000247520053000257990001200787990001200799INLIS00000000000134420240517075259 a0010-0524000579240517 1 ind 1 aMy Dandelion, Wish Will Come True /cAriesta Wong aWong, Ariesta a1 aYogyakarta :bSheila/ Andi,c2017 a252 hlm a813 ARI m a813 4aFiksi aBagiku kau sama seperti dandelion ini. Kau adalah dandelionku... Kini, saat kalimat itu terdengar samar-samar di telinganya, ia tersenyum dan merasakan kedamaian yang luar biasa. Bukankah itu berarti impiannya sudah benar-benar terwujud? Seo Kang Joon memutuskan jati dirinya setelah melalui lembar kelam masa kecilnya. Dimana dirinya harus menerima kenyataan saat ibunya meniinggal tepat di hadapannya. Serta pertemuan dengan ayah kandungnya, yang justru membawanya menuju lika-liku kehidupan yang tak pernah dibayangkannya. a0741530 a0741531